Banky očami verejnosti vyhodnotenie spotrebiteľského prieskumu
Zmapovanie pohľadov verejnosti na bankový sektor SR prostredníctvom prieskumu verejnej mienky bolo spracované na Trenčianskej univerzite A. Dubčeka v Trenčíne. Cieľom prieskumu bolo zistiť vybrané názory klientov bánk pôsobiacich na Slovensku na kvalitu bankových služieb a zmeny v bankovom sektore.
Salvato in:
| Autore principale: | |
|---|---|
| Natura: | Capitolo di libro |
| Lingua: | slovacco |
| Soggetti: | |
| Tags: |
Nessun Tag, puoi essere il primo ad aggiungerne!!
|
MARC
| LEADER | 00000naa$a2200000$$$4500 | ||
|---|---|---|---|
| 001 | 0028277 | ||
| 005 | 20231116082337.9 | ||
| 041 | 0 | |a slo | |
| 044 | |a SK | ||
| 245 | 1 | 0 | |a Banky očami verejnosti |b vyhodnotenie spotrebiteľského prieskumu |c Jaroslav Belás |
| 520 | |a Zmapovanie pohľadov verejnosti na bankový sektor SR prostredníctvom prieskumu verejnej mienky bolo spracované na Trenčianskej univerzite A. Dubčeka v Trenčíne. Cieľom prieskumu bolo zistiť vybrané názory klientov bánk pôsobiacich na Slovensku na kvalitu bankových služieb a zmeny v bankovom sektore. | ||
| 610 | 2 | 0 | |a banky |
| 610 | 2 | 0 | |a prieskum spotrebiteľský |
| 610 | 2 | 0 | |a klienti |
| 610 | 2 | 0 | |a mienka verejná |
| 610 | 2 | 0 | |a služby bankové |
| 610 | 2 | 0 | |a Slovensko |
| 100 | 1 | |a Belás, Jaroslav | |